000 00901nam a2200289 i 4500
003 EG-GICUC
005 20260427062407.0
008 260427s1984 fr |||fr|||| 000 0 eng d
040 _aEG-GiCUC
_bfre
_cEG-GiCUC
_dEG-GiCUC
_eRda
041 0 _afre
082 0 4 _221
_a343
_b RE . R
092 0 4 _221
099 _aLaw1 10 343 RE . R 1984
100 1 _aRey-debove, Josette
_eÉditeur
245 1 3 _aLe Robert Méthodique:
_bDictionnaire Méthodique Du Français Actuel,
_cJosette Rey-debove
264 1 _aParis:
_bLe Robert,
_c1984.
300 _a1617 page;
_c 24 cm.
336 _2rda contenu
_a texte
337 _2rda medias
_aOrdinateur
338 _2 transporteur rda
_a Ressource en ligne
546 _aTexte en français
650 1 _aDroit pénal
_2qrmak
651 1 _2qrmak
856 4 0 _uhttps://fll.law.cu.edu.eg/fulltext/bks/B10-10319.pdf
905 _a158
942 _2ddc
_n0
_cBK
_e21
999 _c73510
_d73510